000 00524nam a2200181 a 4500
001 000032459
003 DO-SdBNP
005 20220810115556.0
008 110718s1932 dr c 000 0 spa d
040 _aDO-SdBNP
_bspa
_cBNPHU
049 _aBNPD
082 _axxx
_bL864j
100 1 _aLópez Penha, Haim H.
_929198
245 1 0 _aJosé Ortega y Gasset y los nuevos grandes libros /
_cHaim H. López Penha.
260 _aSanto Domingo :
_bRevista Lumen,
_c1932.
300 _a28 p. :
_bretrs. ;
_c24 cm.
942 _2ddc
_cLBS1
999 _c31950
_d31950